000 00276nam a22001217a 4500
082 _a894.812.3
_bNAM/K
100 _aNAMBOOTHIRI,ESWARAN,- Tr.
245 _aKHALIFAYUM ATHIPPAZHANGALUM
260 _aKOTTAYM
_bMAMBAZHAM
300 _a184
650 _aSTORY
_zKERALA
942 _cBK
999 _c1641
_d1641